Paranoia - The Marias - Statistics

General Stats
  • This quiz has been taken 14 times
  • The average score is 149 of 179
Answer Stats
Hint Answer % Correct
I
100%
Chorus If,
100%
if
100%
in
100%
morning,
100%
the
100%
a
83%
again
83%
always
83%
am
83%
am,
83%
and
83%
And
83%
another?
83%
at
83%
away
83%
(Away)
83%
been
83%
but
83%
Can't
83%
city
83%
Come
83%
cry
83%
Day
83%
do
83%
Don't
83%
evening,
83%
Every
83%
get
83%
have
83%
Pre-Chorus Heavy
83%
Verse 2 Here
83%
is
83%
it's
83%
know
83%
me
83%
mind
83%
my
83%
never
83%
notice
83%
Verse 1 Oh
83%
on
83%
one
83%
run
83%
seem
83%
stare
83%
talk
83%
Tell
83%
there
83%
think
83%
through
83%
time
83%
to
83%
Valentine's
83%
wanna
83%
what
83%
When
83%
Why
83%
with
83%
you
83%
all
67%
annoying
67%
backseat
67%
flowers
67%
lay
67%
Let's
67%
paranoia
67%
sit
67%
take
67%
that's
67%
Your
67%
hair
50%
Kissing
50%
Now
50%
Riding
50%
waiting
50%
walk,
50%
No matching quizzes found
Score Distribution
Percent of People with Each Score
Percentile by Number Answered
Your Score History
You have not taken this quiz